00389nam a2200133Ia 4500100001800000942000700018654001400025245002500039260004400064300000800108546001200116999001700128952011000145 aJones/Edward  cRB aFox pro 2 aFox Pro 2 made easy bObsorne/ McGraw - HillaNew Delhic1991 a579 aENGLISH c28197d28197 001040708CRCaCRCEbCRCEc1473 | 5d2023-03-17g135.00l0o p6417r2023-03-17v135.00w2023-03-17yRB